000 00650nam a22001937a 4500
999 _c164651
_d164651
005 20190523164537.0
010 _aUR-10148
020 _c251.00
_a9789386624826
035 _aU-8703
037 _bDBAD/PUB
082 _a841
100 _aبد ر محمد ی
245 _aخو شبو کے حو ا لے
_cبد ر محمد ی
246 _b‏Khushboo ke Hawaley (Urdu)
_aby Badr Mohammadi
260 _a Delhi
_bEducational Publishing House
_c2017 ء
270 _a3191،Vakil Street,Kucha Pandit,Lal Kuan,
_bDelhi
_e110006
_k23216162
_l00911123211540
300 _a160ص
_c22 Cm.(bk)
942 _2ddc
_cUR
_h841
_mب د ر